|
|
|
|
| LEADER |
01075nam a2200265 a 4500 |
| 001 |
GR-Patra2034 |
| 008 |
991022s1993 gr 000 b eng d |
| 020 |
|
|
|a 0201527103
|
| 040 |
|
|
|a GrPaTEI
|b gre
|c GR-PaULI
|
| 245 |
0 |
0 |
|a Pascal :
|b problem solving and program design.
|
| 250 |
|
|
|a 4th ed.
|
| 260 |
|
|
|a Reading :
|b Addison-Wesley,
|c 1993
|
| 300 |
|
|
|a xvii, 862, [77]σ. :
|b εικ.
|
| 650 |
|
0 |
|a Computers
|
| 650 |
|
0 |
|a PASCAL
|
| 650 |
|
0 |
|a PROGRAMMING LANGUAGES
|
| 650 |
|
4 |
|a Γλώσσα προγραμματισμού PASCAL
|
| 650 |
|
4 |
|a ΓΛΩΣΣΕΣ ΠΡΟΓΡΑΜΜΑΤΙΣΜΟΥ
|
| 650 |
|
4 |
|a Ηλεκτρονικοί υπολογιστές
|
| 650 |
|
4 |
|a Ηλεκτρονικοί υπολογιστές
|x Γλώσσες προγραμματισμού
|
| 700 |
1 |
|
|a Koffman, Elliot B.
|
| 942 |
|
|
|2 ddc
|
| 952 |
|
|
|0 0
|1 0
|2 ddc
|4 0
|6 005_133000000000000_PAS
|7 0
|9 283838
|a LISK
|b LISK
|c BSC
|d 2021-01-17
|e 24
|f 1
|g 0.00
|l 0
|o 005.133 PAS
|p 9241006135
|r 2021-01-17 00:00:00
|t 1
|w 2021-01-17
|y BK15
|x 19991024 0 1
|x GrPaTEI
|
| 971 |
|
|
|a .b26495326
|b 15-04-20
|c 23-09-16
|
| 999 |
|
|
|c 165107
|d 165107
|